UK Towns Quiz - Pembrokeshire - Wales - Statistics

General Stats
  • This quiz has been taken 40 times
  • The average score is 20 of 36
Answer Stats
Clue Population Town % Correct
F 3,421 Fishguard
100%
H 12,086 Haverfordwest
100%
T 4,090 Tenby
100%
M 14,249 Milford Haven
95%
P 7,974 Pembroke
95%
P 9,663 Pembroke Dock
95%
S 1,348 St Davids
95%
N 2,366 Narberth
86%
S 2,517 Saundersfoot
86%
J 1,768 Johnston
76%
N 563 Newport
76%
N 3.251 Neyland
76%
B 856 Broad Haven
71%
S 653 Solva
71%
G 2,022 Goodwick
62%
K 1,247 Kilgetty
57%
L 836 Letterston
52%
P 810 Penally
52%
C 778 Crymych
48%
L 644 Lamphey
43%
M 2,218 Merlin's Bridge
43%
N 599 New Hedges
43%
C 686 Clunderwen
38%
L 820 Llangwm
38%
T 763 Templeton
38%
C 829 Cosheston
33%
R 625 Rosemarket
33%
S 797 St Florence
33%
C 975 Cilgerran
29%
H 887 Hook
29%
S 1,013 St Dogmaels
29%
C 1,065 Crundale
24%
S 884 Sageston
24%
B 520 Brawdy
14%
W 1,300 Wooden
14%
J 647 Jamestown
10%
No matching quizzes found
Score Distribution
Percent of People with Each Score
Percentile by Number Answered
Your Score History
You have not taken this quiz